000 01073nam a2200229Ia 4500
003 OSt
005 20260306143644.0
008 221004b |||||||| |||| 00| 0 san d
020 _a9789380172774 (pbk)
037 _cTextual
040 _aCRL
_cCRL
_bsan
041 _2san
_asan
100 _aमागध, कृष्ण नारायण प्रसाद, ले.
_9556284
245 0 _aमहाकवि शंकरदेव विचारक एवं समाज सुधारक
246 _aMahākavi shankaradev vichārak evan samāj sudhāraka
260 _aदिल्ली
_bहिंदी माध्यम कार्यान्वय निदेशालय भारत
_c2015
300 _a524पृ0
_ccm.
650 _a हिन्दी साहित्य
650 _aहिन्दी कविता
942 _hO152,1I49:g, Q5
_cTB
_2cc
999 _c1014708
_d1014708